| 000 | 00000nam 2200000zi 4500 |
| 001 | 9.948429 |
| 003 | CaOODSP |
| 005 | 20250528095020 |
| 006 | m o d f |
| 007 | cr mn||||||||| |
| 008 | 250226e20250226onc obs f000 0 fre d |
| 040 | |aCaOODSP|bfre|erda|cCaOODSP |
| 043 | |an-cn--- |
| 045 | |ay1y1 |
| 086 | 1 |aCS36-28-0001/2025-2-1F-PDF |
| 100 | 1 |aLeanage, Allison, |eauteur. |
| 245 | 10|aRecours au crédit d'impôt pour personnes handicapées et aux prestations d'invalidité du Régime de pensions du Canada ou du Régime de rentes du Québec chez les personnes ayant une incapacité au Canada / |cpar Allison Leanage, Sung-Hee Jeon et Rubab Arim. |
| 264 | 1|a[Ottawa] : |bStatistique Canada = Statistics Canada, |c26 février 2025. |
| 264 | 4|c©2025 |
| 300 | |a1 ressource en ligne (18 pages). |
| 336 | |atexte|btxt|2rdacontent/fre |
| 337 | |ainformatique|bc|2rdamedia/fre |
| 338 | |aressource en ligne|bcr|2rdacarrier/fre |
| 490 | 1 |aRapports économiques et sociaux, |x2563-8963 ; |vvol. 5, n° 2, février 2025 |
| 500 | |aPublié aussi en anglais sous le titre : Uptake of the disability tax credit and the Canada Pension Plan or Quebec Pension Plan disability benefits among persons with disabilities in Canada. |
| 500 | |a« N° 36-28-0001 au catalogue. » |
| 500 | |a« Article de recherche. » |
| 504 | |aComprend des références bibliographiques (pages 17-18). |
| 520 | 3 |a« À l'aide des données de l'Enquête canadienne sur l'incapacité (ECI) de 2017 couplées à celles du Fichier des familles T1 de 2015 à 2017, la présente étude porte sur le recours au crédit d'impôt pour personnes handicapées (CIPH) et aux prestations d'invalidité du Régime de pensions du Canada ou du Régime de rentes du Québec (RPC/RRQ) chez les personnes ayant une incapacité, en mettant l'accent sur leur incapacité et leurs caractéristiques sociodémographiques. … » -- Résumé, page 1. |
| 650 | 6|aPersonnes handicapées|xImpôts|zCanada|vStatistiques. |
| 650 | 6|aCrédit d'impôt|zCanada|vStatistiques. |
| 650 | 6|aAssurance-invalidité|zCanada|vStatistiques. |
| 655 | 7|aStatistiques|2rvmgf |
| 710 | 2 |aStatistique Canada, |eorganisme de publication. |
| 775 | 08|tUptake of the disability tax credit and the Canada Pension Plan or Quebec Pension Plan disability benefits among persons with disabilities in Canada / |w(CaOODSP)9.948428 |
| 830 | #0|aRapports économiques et sociaux (Statistique Canada)|vvol. 5, n° 2, février 2025.|w(CaOODSP)9.895770 |
| 856 | 40|qPDF|s751 Ko|uhttps://publications.gc.ca/collections/collection_2025/statcan/36-28-0001/CS36-28-0001-2025-2-1-fra.pdf |
| 856 | 4 |qHTML|sS.O.|uhttps://doi.org/10.25318/36280001202500200001-fra |
| 986 | |a36-28-0001 |